[Event "Mestre Sociale-ch"]
[Site "Mestre "]
[Date "2001.03.13"]
[Round "10"]
[White "Bozzao, Francesco"]
[Black "Chinellato, Marco"]
[Result "1-0"]
[WhiteElo "1570"]
[BlackElo "1450"]
[PlyCount "55"]
[EventDate "2001.01.15"]
[EventType "swiss"]
[EventRounds "10"]
[EventCountry "ITA"]
[SourceTitle "EXT 2005"]
[Source "ChessBase"]
[SourceDate "2004.11.15"]
[SourceVersion "1"]
[SourceVersionDate "2004.11.15"]
[SourceQuality "1"]

1. e4 c5 2. Nf3 d6 3. d4 g6 4. Bc4 Bg7 5. Be3 cxd4 6. Bxd4 Nf6 7. 0-0 Nc6 8. Bc3 0-0 9. e5 Ne4 10. exd6 Nxc3 11. Nxc3 Bxc3 12. dxe7 Qxe7 13. bxc3 Rd8 14. Qc1 Qc5 15. Qf4 Bf5 16. Rfe1 Qd6 17. Qh6 Qf6 18. Ng5 Qg7 19. Nxf7 Kf8 20. Qxg7+ Kxg7 21. Nxd8 Rxd8 22. Rab1 Na5 23. Re7+ Kf8 24. Rf7+ Kg8 25. Rd7+ Kf8 26. Rxd8+ Ke7 27. Rd4 Bxc2 28. Re1+ 1-0

[Event "Graticolato op-B U1700 8th"]
[Site "Santa Maria di Sala"]
[Date "2000.11.26"]
[Round "5.12"]
[White "Chinellato, Marco"]
[Black "Rigo, Caterina"]
[Result "1-0"]
[WhiteElo "1533"]
[BlackElo "1500"]
[PlyCount "65"]
[EventDate "2000.11.18"]
[EventType "swiss"]
[EventRounds "6"]
[EventCountry "ITA"]
[SourceTitle "EXT 2023"]
[Source "ChessBase"]
[SourceDate "2022.10.05"]
[SourceVersion "1"]
[SourceVersionDate "2022.10.05"]
[SourceQuality "1"]

1. e4 b6 2. d4 Bb7 3. Nc3 e6 4. g3 Nf6 5. Bg2 Bb4 6. Bg5 h6 7. Bxf6 gxf6 8. Nge2 f5 9. a3 Bxc3+ 10. Nxc3 fxe4 11. Nxe4 a6 12. Qf3 Ra7 13. Qf6 Qxf6 14. Nxf6+ Ke7 15. Bxb7 Rxb7 16. Nh5 Nc6 17. Rd1 d5 18. 0-0 Rg8 19. Rfe1 Na5 20. b3 Rg5 21. Nf4 Kd6 22. Nd3 f6 23. Nf4 e5 24. dxe5+ fxe5 25. Rxd5+ Kc6 26. Rexe5 Rxe5 27. Rxe5 Rb8 28. Re6+ Kd7 29. Rxh6 Re8 30. Kf1 Re5 31. Rh5 Re4 32. Rd5+ Kc6 33. Rd2 1-0